- Cuevas Cajiga, Yazmín Margarita
Entry Nombre Personal
001 - NUMERO DE CONTROL
- campo de control: 46841
003 - IDENTIFICADOR DE NUMERO DE CONTROL
- campo de control: DLC
005 - FECHA Y HORA DE LA ÜLTIMA TRANSACCIÓN
- campo de control: 20220927135503.0
008 - DATOS DE LONGITUD FIJA
- campo de control de longitud fija: 220927n| azannaabn |a aaa
010 ## - NÚMERO DE CONTROL DE LA BIBLIOTECA DEL CONGRESO
- Número de control LC: n 2014020209
035 ## - NUMERO DE CONTROL
- Número de control: (OCoLC)oca09735103
040 ## - FUENTE DE CATALOGACIÓN
- Agencia original de catalogación: DLC
- Lenguaje de catalogación: spa
- Description conventions: rda
- Agencia de transcripción: DLC
- Agencia que lo modifica: IEN
- Agencia que lo modifica: MX-MxUPN
100 1# - ENCABEZAMIENTO - NOMBRE PERSONAL
- Nombre personal: Cuevas Cajiga, Yazmín Margarita
370 ## - LUGAR ASOCIADO
- Other associated place: Ciudad de México
372 ## - CAMPO DE ACTIVIDAD
- Field of activity: Educación
- Fuente del término: lemb
373 ## - GRUPO ASOCIADO
- Associated group: Universidad Pedagógica Nacional (Mexico)
- Fuente del término: naf
373 ## - GRUPO ASOCIADO
- Associated group: Universidad Nacional Autónoma de México
- Fuente del término: naf
375 ## - GÉNERO
- Gender: femenino
377 ## - LENGUA ASOCIADA
- Language code: spa
400 1# - VEÁSE - NOMBRE DE PERSONA
- Personal name: Cajiga, Yazmín Margarita Cuevas
670 ## - FUENTE EN LA QUE SE LOCALIZARON DATOS
- Cita de la fuente: En la búsqueda de los sentidos y significados de la educación ambiental, noviembre de 2012:
- Información localizada: página 21 (Yazmín Margarita Cuevas Cajiga; prof.-inv, UPN, México; dr. en pedagogía, UNAM)
670 ## - FUENTE EN LA QUE SE LOCALIZARON DATOS
- Cita de la fuente: La disputa por la educación, 2019:
- Información localizada: portada (Yazmín cuevas Cajiga)
902 ## - CATALOGADOR
- Catalogador: VAGG/270922
